[Event "Titled Tue 1st Jul Early"]
[Site "chess.com INT"]
[Date "2025.07.01"]
[Round "4"]
[White "Le, Tuan Minh"]
[Black "Volovich, Vasily"]
[Result "1-0"]
[WhiteTitle "GM"]
[BlackTitle "FM"]
[WhiteElo "2598"]
[BlackElo "2177"]
[WhiteFideId "12401153"]
[BlackFideId "34169676"]
[EventDate "2025.07.01"]

1. d4 e6 2. Nf3 Nf6 3. Bf4 d5 4. e3 c5 5. c3 Nc6 6. Nbd2 Be7 7. Bd3 Nh5 8. Be5
f6 9. Bg3 O-O 10. Ng5 f5 11. Nxe6 Bxe6 12. Qxh5 Qb6 13. Rb1 cxd4 14. exd4 Rae8
15. O-O g6 16. Qh6 Bf6 17. Nf3 Bg7 18. Qd2 h6 19. h4 Qd8 20. Rfe1 Qf6 21. Bf4
Kh7 22. Re2 Bd7 23. Rbe1 Re4 24. g3 Rfe8 25. Ne5 Nxe5 26. dxe5 R8xe5 27. Bxe5
Qxe5 28. Bxe4 fxe4 29. Rxe4 dxe4 30. Qxd7 g5 31. hxg5 h5 32. Qxb7 Qxg5 33. Qxe4+ 1-0

[Event "Titled Tue 1st Jul Early"]
[Site "chess.com INT"]
[Date "2025.07.01"]
[Round "4"]
[White "Flynn, Jacob"]
[Black "Causo, Deniel"]
[Result "1/2-1/2"]
[WhiteTitle "CM"]
[BlackTitle "FM"]
[WhiteElo "2275"]
[BlackElo "2224"]
[WhiteFideId "2509393"]
[BlackFideId "5203660"]
[EventDate "2025.07.01"]

1. e4 d5 2. exd5 Nf6 3. d4 Bg4 4. Bb5+ Nbd7 5. Be2 Bxe2 6. Qxe2 Nxd5 7. Nf3 e6
8. O-O Be7 9. c4 N5b6 10. Nc3 O-O 11. Bf4 c6 12. Rad1 Re8 13. Rfe1 Bf6 14. Ne5
Nf8 15. Bg3 Ng6 16. Nf3 Nd7 17. Qc2 Qa5 18. a3 Nb6 19. Ne4 Be7 20. Nd6 Bxd6 21.
Bxd6 Qa6 22. b3 Rad8 23. Bc5 Nd7 24. Bb4 b6 25. a4 Qb7 26. Bc3 Nf6 27. Re2 Qc7
28. Rde1 Nf4 29. Re3 h6 30. Qb2 Ng4 31. d5 f6 32. dxe6 Nxe3 33. Rxe3 Nxe6 34.
Qe2 Qf7 35. h3 Nf4 36. Rxe8+ Rxe8 37. Qd2 Ne2+ 38. Kf1 Nxc3 39. Qxc3 c5 40. g3
Qe6 41. Kg2 Qe4 42. Kh2 Rd8 43. Nh4 Rd3 44. Qc2 Qd4 45. Qe2 Rd2 46. Qe8+ Kh7 47.
Qg6+ Kg8 48. Qe8+ Kh7 49. Qg6+ Kh8 50. Qe8+ Kh7 1/2-1/2

[Event "Titled Tue 1st Jul Early"]
[Site "chess.com INT"]
[Date "2025.07.01"]
[Round "4"]
[White "Lopez Rayo, Isabella"]
[Black "Dragnev, Valentin"]
[Result "1-0"]
[WhiteTitle "WFM"]
[BlackTitle "GM"]
[WhiteElo "1998"]
[BlackElo "2547"]
[WhiteFideId "4452755"]
[BlackFideId "1634852"]
[EventDate "2025.07.01"]

1. e4 e5 2. Nf3 d6 3. Nc3 Nf6 4. Bc4 Be7 5. O-O O-O 6. h3 c6 7. a4 a5 8. Re1 h6
9. d4 Nbd7 10. Ba2 Re8 11. dxe5 dxe5 12. Nh4 Nf8 13. Qf3 Be6 14. Nf5 Bxa2 15.
Nxa2 Ng6 16. Be3 Bf8 17. Rad1 Qc7 18. Nxh6+ gxh6 19. Qxf6 Rad8 20. Nc3 Bg7 21.
Qf5 Rxd1 22. Rxd1 Rd8 23. Rxd8+ Qxd8 24. g3 Qe7 25. h4 Qb4 26. h5 Ne7 27. Qd7
Qxb2 28. Qxe7 Qxc3 29. Qe8+ Kh7 30. Qxf7 Kh8 31. Qe8+ Kh7 32. Qg6+ Kh8 33. Bxh6
Bxh6 34. Qxh6+ Kg8 35. Qg6+ Kf8 36. h6 1-0

[Event "Titled Tue 1st Jul Early"]
[Site "chess.com INT"]
[Date "2025.07.01"]
[Round "4"]
[White "Vetokhin, Savva"]
[Black "Iskusnyh, Sergei"]
[Result "1-0"]
[WhiteTitle "GM"]
[BlackTitle "GM"]
[WhiteElo "2569"]
[BlackElo "2440"]
[WhiteFideId "44144474"]
[BlackFideId "4120027"]
[EventDate "2025.07.01"]

1. d4 d5 2. c4 c6 3. cxd5 cxd5 4. Bf4 Nf6 5. e3 Nc6 6. Nc3 a6 7. Be2 Bf5 8. Nf3
e6 9. Qb3 Ra7 10. O-O Bd6 11. Ne5 O-O 12. Nxc6 bxc6 13. Bxd6 Qxd6 14. Qb6 Raa8
15. Qa5 Rfb8 16. b3 e5 17. dxe5 Qxe5 18. Rac1 Bg4 19. h3 Bd7 20. Na4 Ne4 21. Bd3
Ng5 22. Qc3 Qd6 23. Qc5 Qh6 24. f4 Nxh3+ 25. gxh3 Qxh3 26. Rf2 Re8 27. Rh2 Qg3+
28. Rg2 Qxe3+ 29. Qxe3 Rxe3 30. Nc5 Be8 31. Kf2 Re7 32. Bxa6 Rea7 33. Re1 Kf8
34. a4 Rxa6 35. Nxa6 Ra7 36. Nc5 1-0

[Event "Titled Tue 1st Jul Early"]
[Site "chess.com INT"]
[Date "2025.07.01"]
[Round "4"]
[White "Li, Yilin"]
[Black "Paravyan, David"]
[Result "0-1"]
[WhiteTitle "WFM"]
[BlackTitle "GM"]
[WhiteElo "1922"]
[BlackElo "2589"]
[WhiteFideId "8610410"]
[BlackFideId "4194985"]
[EventDate "2025.07.01"]

1. e4 e5 2. Nf3 Nf6 3. Nxe5 d6 4. Nf3 Nxe4 5. Qe2 Qe7 6. d3 Nf6 7. Bg5 Qxe2+ 8.
Bxe2 Be7 9. Nc3 h6 10. Bxf6 Bxf6 11. Nd5 Bd8 12. O-O-O O-O 13. h4 Nd7 14. g4 Re8
15. Rde1 Ne5 16. Nxe5 Rxe5 17. Nc3 g5 18. hxg5 Bxg5+ 19. Kb1 Bd2 20. Ne4 Bxe1
21. Rxe1 Kg7 22. c4 Bd7 23. Rh1 Bc6 24. Bf3 Rae8 25. Rg1 d5 26. cxd5 Bxd5 27. g5
hxg5 28. Nxg5 Re1+ 29. Rxe1 Rxe1+ 30. Kc2 Bxf3 31. Nxf3 Re2+ 32. Kc3 Rxf2 33.
Nd4 a6 34. b4 Rxa2 35. b5 axb5 36. Nxb5 c6 37. Nd6 b5 38. Kd4 Kg6 39. Kc5 Rc2+
40. Kd4 b4 41. Nc4 b3 42. Ne5+ Kg7 0-1

[Event "Titled Tue 1st Jul Early"]
[Site "chess.com INT"]
[Date "2025.07.01"]
[Round "4"]
[White "Tica, Sven"]
[Black "Zeliantsova, Kseniya"]
[Result "1-0"]
[WhiteTitle "IM"]
[BlackTitle "WFM"]
[WhiteElo "2442"]
[BlackElo "2062"]
[WhiteFideId "14526948"]
[BlackFideId "13512617"]
[EventDate "2025.07.01"]

1. Nf3 Nf6 2. g3 g6 3. Bg2 Bg7 4. O-O O-O 5. d4 d6 6. b3 Nbd7 7. Bb2 c6 8. Nbd2
Qc7 9. c4 e5 10. e3 Re8 11. Qc2 Nf8 12. c5 exd4 13. cxd6 Qxd6 14. Nxd4 Ne6 15.
Nc4 Qc7 16. Rad1 Nxd4 17. Bxd4 Bf5 18. Qb2 Nh5 19. Bxg7 Nxg7 20. Nd6 Red8 21.
Nxf5 Nxf5 22. Qf6 Qe7 23. Qxe7 Nxe7 24. h4 Kg7 25. f4 Nf5 26. Kf2 Nd6 27. e4 Nb5
28. a4 Nd4 29. Rd3 Ne6 30. Rfd1 Rxd3 31. Rxd3 Nc5 32. Rc3 Ne6 33. Ke3 Rd8 34. g4
h6 35. e5 h5 36. gxh5 gxh5 37. f5 Nc7 38. Rd3 Nd5+ 39. Bxd5 cxd5 40. Kd4 b6 41.
Rg3+ Kf8 42. Rg5 Ke7 43. Rxh5 Rc8 44. Rh7 Rc1 45. e6 Rd1+ 46. Kc3 Rf1 47. Rxf7+
Kd6 48. Rd7+ Kc5 49. e7 1-0

[Event "Titled Tue 1st Jul Early"]
[Site "chess.com INT"]
[Date "2025.07.01"]
[Round "4"]
[White "Evdokimov, Alexey"]
[Black "Babayeva, Nasrin"]
[Result "1-0"]
[WhiteTitle "FM"]
[BlackTitle "WFM"]
[WhiteElo "2205"]
[BlackElo "1936"]
[WhiteFideId "24162450"]
[BlackFideId "13416626"]
[EventDate "2025.07.01"]

1. d4 d5 2. c4 dxc4 3. Nf3 Nf6 4. Nc3 e6 5. e4 c5 6. Bxc4 cxd4 7. Nxd4 Bc5 8.
Be3 O-O 9. O-O a6 10. e5 Nfd7 11. f4 b5 12. Bd3 g6 13. Kh1 Nxe5 14. fxe5 Bxd4
15. Qf3 Ra7 16. Bh6 Re8 17. Rad1 Rd7 18. Ne4 Bxe5 19. Bg5 Qc7 20. Nf6+ Bxf6 21.
Qxf6 Qc5 22. Bh6 Qd4 23. Qf3 Qxb2 24. Bxg6 hxg6 25. Rxd7 Nxd7 26. Qxf7+ Kh8 27.
Qxe8+ 1-0

[Event "Titled Tue 1st Jul Early"]
[Site "chess.com INT"]
[Date "2025.07.01"]
[Round "4"]
[White "Korchynskyi, Mykola"]
[Black "Bluebaum, Matthias"]
[Result "0-1"]
[WhiteTitle "FM"]
[BlackTitle "GM"]
[WhiteElo "2346"]
[BlackElo "2660"]
[WhiteFideId "34138005"]
[BlackFideId "24651516"]
[EventDate "2025.07.01"]

1. d4 d5 2. c4 e6 3. Nc3 Bb4 4. cxd5 exd5 5. Nf3 Nf6 6. Bf4 O-O 7. e3 c5 8. Be2
c4 9. O-O Nc6 10. Rc1 Bf5 11. Ne5 Rc8 12. Qa4 Qa5 13. Nxc6 Rxc6 14. Qxa5 Bxa5
15. Be5 Bxc3 16. Rxc3 b5 17. Bxf6 Rxf6 18. f3 Re8 19. Kf2 h6 20. Re1 Bg6 21. a4
bxa4 22. Ra1 Rb6 23. Rxa4 Rxb2 24. Ke1 Bd3 25. Bxd3 Rxe3+ 26. Kd1 cxd3 27. Rxa7
Rxg2 28. Rd7 Rxf3 29. Re7 Rxh2 30. Rc8+ Kh7 31. Rc3 h5 0-1

[Event "Titled Tue 1st Jul Early"]
[Site "chess.com INT"]
[Date "2025.07.01"]
[Round "4"]
[White "Predein, Vladimir"]
[Black "Demchenko, Yaroslav"]
[Result "1-0"]
[WhiteTitle "IM"]
[BlackTitle "CM"]
[WhiteElo "2373"]
[BlackElo "2217"]
[WhiteFideId "4117786"]
[BlackFideId "14186667"]
[EventDate "2025.07.01"]

1. e4 e6 2. d4 d5 3. Nc3 dxe4 4. Nxe4 Nd7 5. Nf3 Ngf6 6. Nxf6+ Nxf6 7. c3 Be7 8.
Bd3 O-O 9. Qc2 b6 10. Be3 Bb7 11. O-O-O Qc8 12. Ne5 c5 13. f3 Nd5 14. Bxh7+ Kh8
15. Bf2 Bf6 16. Rhe1 cxd4 17. Bxd4 b5 18. Kb1 b4 19. Bd3 bxc3 20. bxc3 Rb8 21.
Ka1 Qc7 22. Nc4 Ba6 23. Bxf6 Bxc4 24. Bxc4 Qxc4 25. Re4 Qxe4 26. fxe4 Nxf6 27.
Qd3 Rfc8 28. Rb1 Rxb1+ 29. Kxb1 Kg8 30. h3 Kf8 31. g4 Ke7 32. g5 Nd7 33. Qd4 e5
34. Qxa7 Rxc3 35. h4 Rc4 36. Qa3+ Nc5 37. Qa7+ Nd7 38. Qb7 Ke6 39. Qd5+ 1-0

[Event "Titled Tue 1st Jul Early"]
[Site "chess.com INT"]
[Date "2025.07.01"]
[Round "4"]
[White "Magana Morales, Roberto"]
[Black "Yang, Daniel"]
[Result "1-0"]
[BlackTitle "CM"]
[WhiteElo "1952"]
[BlackElo "2219"]
[WhiteFideId "5114454"]
[BlackFideId "30976340"]
[EventDate "2025.07.01"]

1. e4 c5 2. Nf3 Nc6 3. d4 cxd4 4. Nxd4 g6 5. c4 Nf6 6. Nc3 d6 7. Be2 Nxd4 8.
Qxd4 Bg7 9. Be3 O-O 10. Qd1 Be6 11. O-O Qa5 12. Rc1 Rfc8 13. b3 a6 14. f4 b5 15.
f5 Bd7 16. fxg6 hxg6 17. e5 dxe5 18. Rxf6 Bxf6 19. Qxd7 Rd8 20. Qh3 Rac8 21. Rc2
Rd4 22. Qxc8+ Rd8 23. Qh3 bxc4 24. Bxc4 e4 25. Bf2 Qe5 26. Qg3 Qh5 27. Be2 Qf5
28. Rc1 Be5 29. Qg4 Qf6 30. Nxe4 Qg7 31. Rc8 Qf8 32. Rxd8 Qxd8 33. g3 Qe8 34.
Nd2 Qc6 35. Nf3 Bf6 36. Qc4 Qd7 37. Bd4 e5 38. Bxe5 Be7 39. Bd3 Qg4 40. Qxg4 1-0

[Event "Titled Tue 1st Jul Early"]
[Site "chess.com INT"]
[Date "2025.07.01"]
[Round "4"]
[White "Mohammadi, Melika"]
[Black "Samunenkov, Ihor"]
[Result "0-1"]
[WhiteTitle "WFM"]
[BlackTitle "GM"]
[WhiteElo "2244"]
[BlackElo "2555"]
[WhiteFideId "42529271"]
[BlackFideId "14187086"]
[EventDate "2025.07.01"]

1. d4 Nf6 2. Nf3 d5 3. c4 e6 4. g3 Be7 5. Bg2 O-O 6. O-O dxc4 7. Qc2 b5 8. a4 b4
9. Qxc4 Bb7 10. a5 Nbd7 11. Bd2 Bd5 12. Qc2 c5 13. dxc5 Bxc5 14. Qa4 Qe7 15. Bg5
h6 16. Bxf6 Nxf6 17. Nbd2 Rfd8 18. Rac1 Rac8 19. Nb3 Bd6 20. Nbd4 Ne4 21. Nc6
Bxc6 22. Rxc6 Nc5 23. Rxc5 Bxc5 24. Ne5 Qf6 25. Nc6 Qxb2 26. Nxd8 Rxd8 27. Qc6
Qc3 28. Qb7 b3 29. a6 g6 30. Rb1 Qc2 31. Qxb3 Rd1+ 32. Bf1 Qxb1 0-1

[Event "Titled Tue 1st Jul Early"]
[Site "chess.com INT"]
[Date "2025.07.01"]
[Round "4"]
[White "Dubnevych, Maksym"]
[Black "Fedotov, Nikita2"]
[Result "1-0"]
[WhiteTitle "FM"]
[BlackTitle "FM"]
[WhiteElo "2296"]
[BlackElo "2278"]
[WhiteFideId "14184001"]
[BlackFideId "24161446"]
[EventDate "2025.07.01"]

1. Nc3 e5 2. Nf3 Nc6 3. d4 exd4 4. Nxd4 Nf6 5. Bg5 Be7 6. Nf5 O-O 7. Nxe7+ Qxe7
8. Nd5 Qe5 9. Bxf6 gxf6 10. e3 Ne7 11. Nxe7+ Qxe7 12. Qg4+ Kh8 13. Qh4 a5 14.
Bd3 Qb4+ 15. Qxb4 axb4 16. h4 d5 17. h5 c5 18. b3 Be6 19. h6 c4 20. bxc4 dxc4
21. Be4 b3 22. cxb3 cxb3 23. a4 b2 24. Ra3 b5 25. a5 b4 26. Ra4 Bb3 27. Rxb4
Rxa5 28. O-O f5 29. Bb1 Bd5 30. Rxb2 Ra6 31. Bxf5 Rxh6 32. Rd1 Be6 33. Be4 Rh4
34. Bf3 Ra4 35. Rd6 Bg4 36. Bd5 Bh5 37. e4 Bg6 38. e5 Re8 39. Re2 Ra7 40. f4
Rae7 41. g4 h5 42. gxh5 Bf5 43. Kf2 Kh7 44. Ke3 Ra7 45. Rf6 Ra3+ 46. Kf2 Re7 47.
Rxf5 1-0

[Event "Titled Tue 1st Jul Early"]
[Site "chess.com INT"]
[Date "2025.07.01"]
[Round "4"]
[White "Panda, Sambit"]
[Black "Allahverdiyeva, Ayan"]
[Result "1-0"]
[WhiteTitle "IM"]
[BlackTitle "WIM"]
[WhiteElo "2379"]
[BlackElo "2234"]
[WhiteFideId "25091794"]
[BlackFideId "13412590"]
[EventDate "2025.07.01"]

1. Nf3 d5 2. d4 Nf6 3. c4 e6 4. Nc3 Be7 5. e3 O-O 6. b3 c5 7. cxd5 exd5 8. Bb2
Nc6 9. dxc5 Bxc5 10. Rc1 Bd6 11. Bd3 a6 12. O-O Bc7 13. Ne2 Bg4 14. Ng3 Qd6 15.
h3 Bxf3 16. Qxf3 Ne5 17. Qe2 Nxd3 18. Qxd3 Ne4 19. Qd4 f6 20. Rxc7 Nxg3 21.
Rxg7+ Kxg7 22. fxg3 Rae8 23. Qg4+ Kh8 24. Qh4 Re6 25. g4 Qc5 26. Bd4 Qd6 27. g5
Re4 28. Qh6 Rxd4 29. g6 Qd7 30. Qxf8# 1-0

[Event "Titled Tue 1st Jul Early"]
[Site "chess.com INT"]
[Date "2025.07.01"]
[Round "4"]
[White "Chiang, Jacob"]
[Black "Shandrygin, Nikita"]
[Result "0-1"]
[BlackTitle "FM"]
[WhiteElo "2032"]
[BlackElo "2209"]
[WhiteFideId "30962331"]
[BlackFideId "24198668"]
[EventDate "2025.07.01"]

1. c4 Nf6 2. Nc3 d5 3. cxd5 Nxd5 4. Nf3 Nc6 5. g3 g6 6. Bg2 Bg7 7. O-O O-O 8.
Qc2 Nb6 9. d3 h6 10. a3 a5 11. Bd2 Bg4 12. h3 Bxf3 13. Bxf3 Nd4 14. Qd1 Nxf3+
15. exf3 Qxd3 16. Re1 Nc4 17. Bc1 Qxd1 18. Nxd1 e6 19. Rb1 Rfd8 20. b3 Ne5 21.
Kg2 Nd3 22. Re2 Rd7 23. Ne3 b5 24. Ng4 Kh7 25. f4 c6 26. a4 Rb8 27. axb5 cxb5
28. Ra2 Ra8 29. Bd2 a4 30. bxa4 bxa4 31. Ne3 Nc5 32. Rb4 Rd4 33. Rb5 Ne4 34. Be1
Rc8 35. Kf3 Rc1 36. Ba5 Nd6 37. Rb4 Rxb4 38. Bxb4 Nb5 39. Rxa4 Nd4+ 40. Kg2 Rc7
41. Bf8 Bxf8 42. Rxd4 Bg7 43. Rd8 h5 44. g4 Bf6 45. Kf3 Bxd8 46. f5 exf5 47.
gxf5 Rc3 48. fxg6+ fxg6 49. Ke4 Rxe3+ 50. Kxe3 Kg7 51. Ke4 Kf6 52. f4 Bc7 53. h4
Ke6 54. f5+ gxf5+ 55. Ke3 Ke5 56. Kf3 f4 57. Kf2 Kf5 58. Ke2 Kg4 59. Kd3 Kxh4
60. Ke4 Kg5 61. Kf3 h4 62. Kg2 Kg4 63. Kh2 f3+ 64. Kg1 Kg3 65. Kf1 f2 66. Ke2
Kg2 67. Kd3 f1=Q+ 68. Kd4 h3 69. Kc5 h2 70. Kc6 h1=Q 71. Kxc7 Qf6 72. Kd7 Qh7+
73. Ke8 Qfh8# 0-1

[Event "Titled Tue 1st Jul Early"]
[Site "chess.com INT"]
[Date "2025.07.01"]
[Round "4"]
[White "Zong, Davis"]
[Black "Krasteva, Beloslava"]
[Result "1-0"]
[WhiteTitle "FM"]
[BlackTitle "FM"]
[WhiteElo "2242"]
[BlackElo "2323"]
[WhiteFideId "30903955"]
[BlackFideId "2922029"]
[EventDate "2025.07.01"]

1. d4 Nf6 2. c4 g6 3. g3 Bg7 4. Bg2 O-O 5. Nf3 d6 6. O-O Nbd7 7. Nc3 e5 8. Qc2
exd4 9. Nxd4 Nb6 10. b3 d5 11. c5 Nbd7 12. c6 bxc6 13. Nxc6 Qe8 14. Bb2 Nb6 15.
Nb5 Bb7 16. Rac1 Qd7 17. Rfd1 Rfe8 18. a4 Bxc6 19. Qxc6 Qxc6 20. Rxc6 Ng4 21.
Bxg7 Kxg7 22. Nxc7 Rec8 23. Rdc1 Rab8 24. a5 Nd7 25. Ne6+ fxe6 26. Rxc8 Rxb3 27.
R8c7 Ne5 28. f4 1-0

[Event "Titled Tue 1st Jul Early"]
[Site "chess.com INT"]
[Date "2025.07.01"]
[Round "4"]
[White "Danzer, George"]
[Black "Bruhovich, Olexandr"]
[Result "0-1"]
[WhiteTitle "CM"]
[BlackTitle "CM"]
[WhiteElo "2172"]
[BlackElo "2208"]
[WhiteFideId "4659465"]
[BlackFideId "14119919"]
[EventDate "2025.07.01"]

1. e4 c5 2. Nf3 d6 3. d4 cxd4 4. Nxd4 Nf6 5. Nc3 a6 6. Bg5 e6 7. f4 Be7 8. Qf3
O-O 9. O-O-O Qc7 10. Bd3 Nbd7 11. Rhe1 b5 12. e5 Bb7 13. Qg3 Nh5 14. Qh4 Bxg5
15. fxg5 g6 16. exd6 Qxd6 17. Be4 Bxe4 18. Nxe4 Qf4+ 19. Qxf4 Nxf4 20. Nxe6 Nxe6
21. Rxd7 Rfd8 22. Nf6+ Kg7 23. Re7 Nxg5 24. h4 Kxf6 25. hxg5+ Kxg5 26. Rxf7 h5
27. Re5+ Kh6 28. Ree7 Rf8 29. Rh7+ Kg5 30. Re2 Rae8 0-1

[Event "Titled Tue 1st Jul Early"]
[Site "chess.com INT"]
[Date "2025.07.01"]
[Round "4"]
[White "Chiappero, Julio Alfredo"]
[Black "Cuenca Jimenez, Jose Fernando"]
[Result "0-1"]
[WhiteTitle "FM"]
[BlackTitle "GM"]
[WhiteElo "2238"]
[BlackElo "2477"]
[WhiteFideId "139998"]
[BlackFideId "2255570"]
[EventDate "2025.07.01"]

1. d4 Nf6 2. c4 g6 3. Nc3 Bg7 4. e4 d6 5. Nf3 O-O 6. h3 e5 7. d5 Nh5 8. g3 f5 9.
exf5 gxf5 10. Nh4 Nf4 11. Be3 Ng6 12. Nxg6 hxg6 13. Qd2 Na6 14. Bg5 Bf6 15. Bxf6
Qxf6 16. O-O-O Bd7 17. Bg2 Nc5 18. Kb1 a5 19. Rhf1 Rab8 20. f4 e4 21. Qd4 Qxd4
22. Rxd4 b5 23. cxb5 Bxb5 24. Nxb5 Rxb5 25. Rc1 Rfb8 26. Rc2 Rb4 27. Rxb4 Rxb4
28. Bf1 Rd4 29. Kc1 Kg7 30. Be2 Rxd5 31. a3 Rd4 32. Kb1 Kf6 33. g4 Ne6 34. g5+
Ke7 0-1

[Event "Titled Tue 1st Jul Early"]
[Site "chess.com INT"]
[Date "2025.07.01"]
[Round "4"]
[White "Plichta, Kamil"]
[Black "Shahinyan, Vladimir"]
[Result "1-0"]
[WhiteTitle "FM"]
[BlackTitle "CM"]
[WhiteElo "2361"]
[BlackElo "2182"]
[WhiteFideId "1141830"]
[BlackFideId "13314599"]
[EventDate "2025.07.01"]

1. Nf3 Nf6 2. g3 g6 3. Bg2 Bg7 4. b3 O-O 5. Bb2 d6 6. d4 c5 7. O-O cxd4 8. Nxd4
d5 9. Nd2 Nc6 10. Nxc6 bxc6 11. c4 Bf5 12. Rc1 a5 13. a3 h5 14. Re1 h4 15. gxh4
Qb6 16. e3 Rfd8 17. cxd5 cxd5 18. Bd4 Qd6 19. Bc5 Qd7 20. Nf3 Be4 21. Ne5 Qf5
22. Bd4 Bxg2 23. Kxg2 Ne4 24. Qf3 Qxf3+ 25. Nxf3 Bxd4 26. Nxd4 Kg7 27. Rc7 Kf6
28. Rec1 1-0

[Event "Titled Tue 1st Jul Early"]
[Site "chess.com INT"]
[Date "2025.07.01"]
[Round "4"]
[White "Skiadopoulos, Nikolaos"]
[Black "Brejnik, Gustav"]
[Result "0-1"]
[WhiteTitle "CM"]
[BlackTitle "FM"]
[WhiteElo "1882"]
[BlackElo "2220"]
[WhiteFideId "4200772"]
[BlackFideId "362662"]
[EventDate "2025.07.01"]

1. e4 e5 2. Nf3 Nc6 3. Bb5 a6 4. Ba4 Nf6 5. O-O b5 6. Bb3 Be7 7. d3 O-O 8. c3 d6
9. h3 h6 10. Be3 Bb7 11. Nbd2 d5 12. exd5 Nxd5 13. Bxd5 Qxd5 14. c4 Qxd3 15.
cxb5 axb5 16. Nb3 Qg6 17. Bc5 Rfe8 18. Bxe7 Rxe7 19. Nc5 Rd8 20. Qe2 Nd4 21. Qe3
Bxf3 22. g4 Bxg4 0-1

[Event "Titled Tue 1st Jul Early"]
[Site "chess.com INT"]
[Date "2025.07.01"]
[Round "4"]
[White "Naroditsky, Daniel"]
[Black "Omariev, Maksim"]
[Result "1-0"]
[WhiteTitle "GM"]
[BlackTitle "FM"]
[WhiteElo "2619"]
[BlackElo "2304"]
[WhiteFideId "2026961"]
[BlackFideId "4193423"]
[EventDate "2025.07.01"]

1. d4 h5 2. e4 h4 3. h3 d6 4. Nc3 e5 5. Nf3 Nc6 6. Bb5 exd4 7. Qxd4 Bd7 8. Bxc6
Bxc6 9. Bg5 Qd7 10. O-O-O Ne7 11. Rhe1 f6 12. Bxh4 Ng6 13. Bg3 a5 14. Nd5 a4 15.
a3 Ne5 16. Bxe5 dxe5 17. Nxe5 fxe5 18. Qxe5+ Kf7 19. Qf4+ Kg6 20. Nxc7 Qc8 21.
Nxa8 Qxa8 22. Qf5+ Kh6 23. g4 g6 24. Rd6 Qe8 25. Re6 Bd7 26. Qh5+ Kg7 27. Qe5+
Kh6 28. Qxh8+ 1-0

[Event "Titled Tue 1st Jul Early"]
[Site "chess.com INT"]
[Date "2025.07.01"]
[Round "4"]
[White "Castillo, Santiago"]
[Black "Carrasco Miranda, Andres"]
[Result "1-0"]
[BlackTitle "CM"]
[WhiteElo "2163"]
[BlackElo "2226"]
[WhiteFideId "108936"]
[BlackFideId "3405990"]
[EventDate "2025.07.01"]

1. e4 e5 2. Nf3 Nc6 3. d4 exd4 4. Bc4 Bc5 5. Ng5 Nh6 6. Qh5 Ne5 7. Ne6 dxe6 8.
Qxe5 Bf8 9. Bxh6 f6 10. Qh5+ g6 11. Qh4 Qd6 12. Bxf8 Rxf8 13. Qxh7 g5 14. Qg6+
Ke7 15. Nd2 Bd7 16. O-O-O b5 17. Bb3 c5 18. e5 Qxe5 19. Rhe1 Qxh2 20. Bxe6 Bxe6
21. Qf5 Qd6 22. g3 Rac8 23. Nf3 Kd7 24. Qh7+ Rf7 25. Qg6 Bg4 26. Qxf7+ Kc6 27.
Rd3 Rd8 28. Qxa7 Kd5 29. Qb7+ Kc4 30. Nd2+ Kb4 31. a3+ Ka5 32. Nb3+ 1-0

[Event "Titled Tue 1st Jul Early"]
[Site "chess.com INT"]
[Date "2025.07.01"]
[Round "4"]
[White "Ankit Ray"]
[Black "Hobaica, Juan Pablo"]
[Result "0-1"]
[WhiteTitle "FM"]
[BlackTitle "IM"]
[WhiteElo "2248"]
[BlackElo "2386"]
[WhiteFideId "25770624"]
[BlackFideId "104159"]
[EventDate "2025.07.01"]

1. Nf3 d6 2. d4 Bg4 3. c4 Nd7 4. Nc3 g6 5. g3 Bg7 6. Bg2 Ngf6 7. O-O O-O 8. h3
Bxf3 9. Bxf3 c6 10. e4 e5 11. d5 cxd5 12. cxd5 a6 13. Bg2 Rc8 14. Be3 Nb6 15.
Qe2 Nc4 16. Rac1 Nxe3 17. Qxe3 Nd7 18. a3 Nc5 19. Na2 f5 20. b4 f4 21. Qe2 Nb3
22. Rxc8 Qxc8 23. Qb2 Nd4 24. Rc1 Qd7 25. g4 f3 26. Bf1 h5 27. Qc3 hxg4 28. Qc7
Ne2+ 29. Bxe2 Qxc7 30. Rxc7 fxe2 31. Rc1 g3 32. fxg3 Bh6 33. Re1 Be3+ 34. Kg2
Rf2+ 35. Kg1 Rf1+ 0-1

[Event "Titled Tue 1st Jul Early"]
[Site "chess.com INT"]
[Date "2025.07.01"]
[Round "4"]
[White "Teterev, Vitaly"]
[Black "Materia, Marco"]
[Result "0-1"]
[WhiteTitle "GM"]
[BlackTitle "IM"]
[WhiteElo "2248"]
[BlackElo "2493"]
[WhiteFideId "13501429"]
[BlackFideId "45150451"]
[EventDate "2025.07.01"]

1. Nf3 Nf6 2. g3 g6 3. Bg2 Bg7 4. d4 O-O 5. O-O d6 6. c4 Nc6 7. Nc3 e5 8. dxe5
Nxe5 9. Nxe5 dxe5 10. Bg5 Qxd1 11. Rfxd1 c6 12. b4 Be6 13. Rac1 h6 14. Bxf6 Bxf6
15. b5 Bg5 16. e3 Rac8 17. bxc6 bxc6 18. Ne4 Be7 19. Nd6 Rc7 20. Rc2 Rb8 21. c5
f5 22. e4 f4 23. Bf1 Kf8 24. Kg2 g5 25. h3 Rd7 26. Bc4 Bxc4 27. Rxc4 Rb2 28. Ra4
fxg3 29. Kxg3 Rc2 30. Ra5 h5 31. Rd3 Bd8 32. Rf3+ Kg8 33. Rf5 Bxa5 34. Rxg5+ Rg7 0-1

[Event "Titled Tue 1st Jul Early"]
[Site "chess.com INT"]
[Date "2025.07.01"]
[Round "4"]
[White "Pranesh, M"]
[Black "Gelman, Alexander"]
[Result "1-0"]
[WhiteTitle "GM"]
[BlackTitle "IM"]
[WhiteElo "2592"]
[BlackElo "2403"]
[WhiteFideId "35028600"]
[BlackFideId "4118316"]
[EventDate "2025.07.01"]

1. Nf3 c5 2. b3 Nf6 3. Bb2 e6 4. e3 d6 5. g3 Nbd7 6. Bg2 Be7 7. O-O O-O 8. c4 a6
9. d4 cxd4 10. exd4 Qc7 11. Nc3 b6 12. d5 e5 13. Rc1 g6 14. Re1 Re8 15. Qd2 Bf8
16. Ng5 Bg7 17. Ne6 fxe6 18. dxe6 Bb7 19. exd7 Qxd7 20. Bxb7 Qxb7 21. Rcd1 Rad8
22. Nd5 b5 23. Qe2 Kh8 24. Ba3 Nxd5 25. Rxd5 e4 26. Bxd6 bxc4 27. bxc4 Re6 28.
Red1 e3 29. fxe3 Rde8 30. Bf4 Qe7 31. Rd7 Qf6 32. h4 h6 33. Qg4 Rxe3 34. Bxe3
Rxe3 35. R7d3 Re7 36. Qf3 Qb6+ 37. Kg2 Qe6 38. Rc1 Rf7 39. Qe3 Qg4 40. Rc2 Kh7
41. c5 1-0